书目信息 |
| 题名: |
现代企业计算机管理系统
|
|
| 作者: | 李春源 编著 | |
| 分册: | ||
| 出版信息: | 北京 北京科学技术出版社 1991.06 |
|
| 页数: | 269页 | |
| 开本: | 20cm | |
| 丛书名: | ||
| 单 册: | ||
| 中图分类: | TP315 | |
| 科图分类: | ||
| 主题词: | 软件 | |
| 电子资源: | ||
| ISBN: | 7-5304-0952-2 | |
| 000 | 00595nam0 2200193 450 | |
| 001 | 0838529560 | |
| 005 | 20081119141508.42 | |
| 010 | @a7-5304-0952-2@dCNY15.00 | |
| 100 | @a20081119d1991 km y0chiy0120 ea | |
| 101 | 0 | @achi |
| 102 | @aCN@b110000 | |
| 200 | 1 | @a现代企业计算机管理系统@Axian dai qi ye ji suan ji guan li xi tong@f李春源编著@Fli chun yuan bian zhu |
| 210 | @a北京@c北京科学技术出版社@d1991.06 | |
| 215 | @a269页@d20cm | |
| 606 | 0 | @a软件 |
| 690 | @aTP315@v4 | |
| 701 | 0 | @a李春源@Ali chun yuan@4编著 |
| 801 | 0 | @aCN@b大连网信软件有限公司图书馆·11@c20081119 |
| 905 | @aBZT@dTP315@e65 | |
| 现代企业计算机管理系统/李春源编著.-北京:北京科学技术出版社,1991.06 |
| 269页;20cm |
| ISBN 7-5304-0952-2:CNY15.00 |
| ● |
| 相关链接 |
|
|
|
正题名:现代企业计算机管理系统
索取号:TP315/65
 
预约/预借
| 序号 | 登录号 | 条形码 | 馆藏地/架位号 | 状态 | 备注 |
| 1 | 072871 | 201212008 | 中心书库中库/ 中库027架B面6列3层51/ [索取号:TP315/65] | 在馆 | |
| 2 | 072872 | 201210643 | 中心书库中库/ 中库027架B面6列3层52/ [索取号:TP315/65] | 在馆 |